Movies Without a Character's Face III Quiz Stats

 Plays Quiz Updated Nov 15, 2014

Challenge
Share
Tweet
Score 0/20 Timer 08:00
4 Plays Today
% Correct
Willy Wonka and the Chocolate Factory
93%
Star Wars
87.9%
The Breakfast Club
81.9%
Alien
73.4%
The Dark Knight
70.9%
Austin Powers: The Spy Who Shagged Me
67.8%
Men in Black
65.4%
Apocalypse Now
61.6%
American History X
56.3%
The Sandlot
55.8%
% Correct
Spaceballs
52.8%
Honey, I Shrunk the Kids
47.4%
Watchmen
45.1%
Schindler's List
41%
Life of Pi
37.5%
Monty Python's Life of Brian
32.3%
The Green Mile
27.6%
Field of Dreams
27%
Inglourious Basterds
26%
The NeverEnding Story
20.5%

You're not logged in!

Compare scores with friends on all Sporcle quizzes.
Join for Free
OR
Log In

You Might Also Like...

Show Comments

Extras

Top Quizzes Today


Score Distribution

Your Account Isn't Verified!

In order to create a playlist on Sporcle, you need to verify the email address you used during registration. Go to your Sporcle Settings to finish the process.

Report this User

Report this user for behavior that violates our Community Guidelines.

Details: